Big Joe Turner. Gigante del blues (Record n. 99173)

Dettagli MARC
000 -LEADER
fixed length control field 05203njm a2200577Ia 4500
001 - CONTROL NUMBER
control field D7007
003 - CONTROL NUMBER IDENTIFIER
control field IT-RoPAU
005 - DATE AND TIME OF LATEST TRANSACTION
control field 20220918181113.0
008 - FIXED-LENGTH DATA ELEMENTS--GENERAL INFORMATION
fixed length control field 131025s9999 xx 000 0 und d
040 ## - CATALOGING SOURCE
Original cataloging agency IT-RoPAU
040 ## - CATALOGING SOURCE
Transcribing agency IT-RoPAU
999 ## - SYSTEM CONTROL NUMBERS (KOHA)
Koha Dewey Subclass [OBSOLETE] n.d.
100 ## - MAIN ENTRY--PERSONAL NAME
Personal name AA.VV.
9 (RLIN) 794
100 ## - MAIN ENTRY--PERSONAL NAME
Relator term Autore musica
9 (RLIN) 31073
100 ## - MAIN ENTRY--PERSONAL NAME
Miscellaneous information Codice autore musica SPICS: 12000
9 (RLIN) 796
245 ## - TITLE STATEMENT
Title Big Joe Turner. Gigante del blues
250 ## - EDITION STATEMENT
Edition statement 2a ed.
260 ## - PUBLICATION, DISTRIBUTION, ETC. (IMPRINT)
Place of publication, distribution, etc. MILANO
260 ## - PUBLICATION, DISTRIBUTION, ETC. (IMPRINT)
Name of publisher, distributor, etc. RUSCONI
Date of publication, distribution, etc. 1995 [1a Ed.:]
300 ## - PHYSICAL DESCRIPTION
Extent COMPACT DISC
300 ## - PHYSICAL DESCRIPTION
Dimensions 59 minuti (Testo: pag.)
500 ## - GENERAL NOTE
General note Musica jazz.
505 ## - FORMATTED CONTENTS NOTE
Formatted contents note Roll'em Pete [(New York, Carnegie Hall, 23 dicembre 1938) (3:00)] - Cherry Red [(New York, 30 giugno 1939) (3:00)] - On the Sunny Side of the Street [(New York, Cafe Society, 1939) (6:00)] - How Long Blues [(New York, 15 gennaio 1940) (4:00)] - Shake It and Break It [(New York, 15 gennaio 1940) (3:00)] - I Can't Give You Anything But Love [(New York, 9 febbraio 1940) (4:00)] - Goin' Away Blues [(New York, 18 agosto 1940) (3:00)] - Joe Turner Blues [(New York, 15 ottobre 1940) (3:00)] - Beale Street Blues [(New York, 15 ottobre 1940) (3:00)] - Piney Brown Blues [(New York, 11 novembre 1940) (3:00)] - Wee Baby Blues [(New York, 21 gennaio 1941) (3:00)] - Rocks In My Bed [(Los Angeles, 8 settembre 1941) (4:00)] - Goin' To Chicago Blues [(Los Angeles, 8 settembre 1941) (4:00)] - Low Down Dog [(Los Angeles, Circa 1944) (3:00)] - Little Bittie Gal's Blues [(Chicago, 30 ottobre 1944) (3:00)] - S.K. Blues [(New York, 2 febbraio 1945) (6:00)] - Johnson and Turner Blues [(New York, 2 febbraio 1945) (4:00)]
511 ## - PARTICIPANT OR PERFORMER NOTE
Participant or performer note Turner Joe: voc; Johnson Pete: p
511 ## - PARTICIPANT OR PERFORMER NOTE
Participant or performer note Turner Joe: voc; Lips Page Hot: tr; Smith Buster: alto; Johnson Pete: p; Lucie Lawrence: chit; Bolar Abe: cb; Dougherty Eddie: batt; Pete Johnson & His Boogie Woogie Boys
511 ## - PARTICIPANT OR PERFORMER NOTE
Participant or performer note Frank Newton and His Cafe Society Orchestra: Turner Joe: voc; Newton Frank: tr; Smith Tab: alto; Payne Stanley: alto; Hollon Kenneth: ten; Kersey Kenny: p; Livingston Ulysses: chit; Williams Johnny: cb; Dougherty Eddie: batt; Pete Johnson & His Boogie Woogie Boys
511 ## - PARTICIPANT OR PERFORMER NOTE
Participant or performer note Turner Joe: voc; Carter Benny: tr, alto; Polo Danny: cl; Hawkins Coleman: ten; Sullivan Joe: p; Livingston Ulysses: chit; Shapiro Art: cb; Wettling George: batt; Varsity Seven
511 ## - PARTICIPANT OR PERFORMER NOTE
Participant or performer note Turner Joe: voc; Anderson Eddie: tr; Morton Benny: trne; Hall Edmond: cl; Polo Danny: ten; Sullivan Joe: p; Greene Freddie: chit; Turner Henry: cb; Wells Johnny: batt; Joe Sullivan and His Cafe Society Orchestra
511 ## - PARTICIPANT OR PERFORMER NOTE
Participant or performer note Turner Joe: voc; Johnson Pete: p
511 ## - PARTICIPANT OR PERFORMER NOTE
Participant or performer note Turner Joe: voc; Coleman Bill: tr; Morton Benny: trne; Carter Benny: alto, cl; Auld Georgie: ten; White Sonny: p; Livingston Ulysses: chit; Myers Wilson: cb; Porter Yank: batt; Benny Carter and His All Star Orchestra
511 ## - PARTICIPANT OR PERFORMER NOTE
Participant or performer note Turner Joe: voc; Page Hot Lips: tr; Johnson Pete: p; Collins John: chit; Bolar Abe: cb; Godley A.G.: batt: Joe Turner and His Fly Cats
511 ## - PARTICIPANT OR PERFORMER NOTE
Participant or performer note Turner Joe: voc; Thomas Joe: tr; Hall Edmond: cl; Tatum Art: p; Collins John: chit; Taylor Billy: cb; Dougherty Eddie: batt; Art Tatum and His Band
511 ## - PARTICIPANT OR PERFORMER NOTE
Participant or performer note Turner Joe: voc; Slack Freddie: p; Hendrickson Al: chit; De Naut Jud: cb
511 ## - PARTICIPANT OR PERFORMER NOTE
Participant or performer note Turner Joe: voc; Lux Lewis Meade: p
511 ## - PARTICIPANT OR PERFORMER NOTE
Participant or performer note Turner Joe: voc; Johnson Pete: p; Ashley Ernest: chit; Bartley D.: cb
511 ## - PARTICIPANT OR PERFORMER NOTE
Participant or performer note Turner Joe: voc; Newton Frank: tr; Byas Don: ten; Johnson Pete: p; Ware Leonard: chit; Hall Al: cb; West Doc: batt; Joe Turner & Pete Johnson All-Stars
650 ## - SUBJECT ADDED ENTRY--TOPICAL TERM
Topical term or geographic name as entry element JAZZ [COMPACT DISC]
Relator term Codice MATERIA SPICS: 9949
9 (RLIN) 11822
700 ## - ADDED ENTRY--PERSONAL NAME
Personal name Turner Joe
Relator term Interprete
Miscellaneous information Codice interprete SPICS: 15797
9 (RLIN) 31074
700 ## - ADDED ENTRY--PERSONAL NAME
Personal name Johnson Pete
Relator term Autore musica
Miscellaneous information Codice autore musica SPICS: 16254
Name of part/section of a work Roll'em Pete - Cherry Red - Goin' Away Blues - Piney Brown Blues - Wee Baby Blues - Johnson and Turner Blues
9 (RLIN) 31075
700 ## - ADDED ENTRY--PERSONAL NAME
Personal name Turner Joe
Relator term Autore musica
Miscellaneous information Codice autore musica SPICS: 15797
Name of part/section of a work Roll'em Pete - Cherry Red - Goin' Away Blues - Piney Brown Blues - Wee Baby Blues - Low Down Dog - Little Bittie Gal's Blues - Johnson and Turner Blues
9 (RLIN) 31076
700 ## - ADDED ENTRY--PERSONAL NAME
Personal name McHugh Jimmy
Relator term Autore musica
Miscellaneous information Codice autore musica SPICS: 16297
Name of part/section of a work On the Sunny Side of the Street - I Can't Give You Anything But Love
9 (RLIN) 31077
700 ## - ADDED ENTRY--PERSONAL NAME
Personal name Fields Dorothy
Relator term Autore
Miscellaneous information Codice autore SPICS: 15865
Name of part/section of a work On the Sunny Side of the Street - I Can't Give You Anything But Love
9 (RLIN) 31078
700 ## - ADDED ENTRY--PERSONAL NAME
Personal name Carr Leroy
Relator term Autore musica
Miscellaneous information Codice autore musica SPICS: 20449
Name of part/section of a work How Long Blues
9 (RLIN) 31079
700 ## - ADDED ENTRY--PERSONAL NAME
Personal name Anonimo
Relator term Autore
Miscellaneous information Codice autore musica SPICS: 2620
Name of part/section of a work Shake It and Break It
9 (RLIN) 31080
700 ## - ADDED ENTRY--PERSONAL NAME
Personal name Handy William Christopher
Relator term Autore musica
Miscellaneous information Codice autore musica SPICS: 10730
Name of part/section of a work Joe Turner Blues - Beale Street Blues
9 (RLIN) 31081
700 ## - ADDED ENTRY--PERSONAL NAME
Personal name Ellington Duke
Relator term Autore musica
Miscellaneous information Codice autore musica SPICS: 13023
Name of part/section of a work Rocks In My Bed
9 (RLIN) 31082
700 ## - ADDED ENTRY--PERSONAL NAME
Personal name Basie Count
Relator term Autore musica
Miscellaneous information Codice autore musica SPICS: 10545
Name of part/section of a work Goin' To Chicago Blues
9 (RLIN) 31083
700 ## - ADDED ENTRY--PERSONAL NAME
Personal name Rushing Jimmy
Relator term Autore
Miscellaneous information Codice autore SPICS: 16414
Name of part/section of a work Goin' To Chicago Blues
9 (RLIN) 31084
700 ## - ADDED ENTRY--PERSONAL NAME
Personal name King S.
Relator term Autore musica
Miscellaneous information Codice autore musica SPICS: 45893
Name of part/section of a work S.K. Blues
9 (RLIN) 31085
942 ## - ADDED ENTRY ELEMENTS (KOHA)
Koha item type CD AUDIO
Source of classification or shelving scheme Dewey Decimal Classification
Dati di copia
Withdrawn status Lost status Damaged status Not for loan Home library Current library Date acquired Total Checkouts Full call number Date last seen Price effective from Koha item type Public note
    Buone Condizioni Not For Loan SPICS-MEDIATECA SPICS-MEDIATECA 25/10/2013   D7007 25/10/2013 25/10/2013 CD AUDIO Progr. Ins.: 2077 / N.Vol.: 1 / Copie: 1 - Copia rara: n.d. / date import: 01.01.2014 - By Epidotti, Trombetti, Vaglietti
CREDITS: SOCIETA' SAN PAOLO Via A.Severo, 58 - ROMA (RM) & PERIODICI SAN PAOLO SRL Via Giotto, 36 MILANO & CISF Via Giotto, 36 MILANO & EDIZIONI SAN PAOLO SRL,  Piazza Soncino, 5 CINISELLO BALSAMO (MI) -- ITALY